00551nam a2200205Ia 4500003000400000005001700004008004100021020001800062040001800080041000800098082002000106100005900126245003000185250000600215260003900221300001300260650003000273700002100303700002100324OSt20220216110857.0210716s2016 xx 000 0 und d a9789332559509 cAIMIT LIBRARY aeng a658.3 28bGOML aGomez-Mejia, Luis R; Balkin, David B; Cardy, Robert L. aManaging human resources. a8 aNew DelhibPearson Educationc2016 axxiv,591 aHuman Resource Management aBalkin, David B. aCardy, Robert L.